LEADER 01015nam0 2200253 450 001 000026692 005 20100902142947.0 100 $a20090930d--------km-y0itay50------ba 200 1 $a<> Medici$fEttore Allodoli 210 $aFirenze$cNemi, Novissima Enciclopedia Monografica Illustrata$d1928$g(Tip. Barbera, Alfani e Venturi) 215 $a64 p.$cin gran parte ill.$d24 cm 225 2 $aNovissima Enciclopedia Monografica Illustrata$v1 300 $aSul frontespizio e sulla copertina: Sergio de Pilato, 410 0$12001$aNovissima Enciclopedia Monografica Illustrata$v1 700 1$aAllodoli,$bEttore$0162751 801 0$aIT$bUniversità della Basilicata - B.I.A.$gRICA$2unimarc 912 $a000026692 996 $aMedici$990041 997 $aUNIBAS BAS $aLETTERE CAT $aTTM$b30$c20090930$lBAS01$h0927 CAT $aATR$b40$c20100902$lBAS01$h1429 FMT Z30 -1$lBAS01$LBAS01$mBOOK$1BASA1$APolo Storico-Umanistico$2FDEP2$BFondo De Pilato Biscione$3FD/108919$5L108919$820090930$f52$FRari LEADER 00968nam0-22003251i-450 001 990006684200403321 005 20200519113431.0 100 $a20010426d1987----km-y0itay50------ba 101 0 $aeng 102 $aUS 105 $ay-------001yy 200 1 $aAdvances in econometrics$efifth world congress$fEdited by Truman Bewley 210 $aCambridge$cCambridge University Press$d1987 215 $a2 v.$d23 cm 225 1 $aEconometric Society monographs$v13-14 300 $av. 1, 2 610 0 $aEconomia$aModelli matematici 676 $a330.0151$v23$zita 702 1$aBewley,$bTruman Fassett$f<1941- > 801 0$aIT$bUNINA$gREICAT$2UNIMARC 901 $aBK 912 $a990006684200403321 952 $aXV I 238$b8931$fDTE 952 $aCOLLEZ. 904 (13)$bopv4971$fFSPBC 952 $aCOLLEZ. 904 (14)$fFSPBC 952 $aVI E 694$b27282/83$fFSPBC 959 $aFSPBC 959 $aDTE 996 $aAdvances in Econometrics$9468461 997 $aUNINA LEADER 06899nam 22007331c 450 001 9910462554803321 005 20200115203623.0 010 $a1-84731-946-7 010 $a1-4725-6601-7 010 $a1-283-65780-5 010 $a1-84731-945-9 024 7 $a10.5040/9781472566010 035 $a(CKB)2670000000270536 035 $a(EBL)1043990 035 $a(OCoLC)818111585 035 $a(SSID)ssj0000755394 035 $a(PQKBManifestationID)12295195 035 $a(PQKBTitleCode)TC0000755394 035 $a(PQKBWorkID)10730250 035 $a(PQKB)11756243 035 $a(MiAaPQ)EBC1772808 035 $a(MiAaPQ)EBC6165435 035 $a(MiAaPQ)EBC1043990 035 $a(Au-PeEL)EBL1772808 035 $a(CaPaEBR)ebr10611823 035 $a(CaONFJC)MIL397030 035 $a(OCoLC)893332325 035 $a(UtOrBLW)bpp09256173 035 $a(Au-PeEL)EBL1043990 035 $a(EXLCZ)992670000000270536 100 $a20140929d2012 uy 0 101 0 $aeng 135 $aur|n|---||||| 181 $ctxt 182 $cc 183 $acr 200 00$aCriminal evidence and human rights $ereimagining common law procedural traditions $fedited by Paul Roberts and Jill Hunter 205 $a1st ed. 210 1$aOxford $aPortland, Oregon $cHart Publishing $d2012. 215 $a1 online resource (451 p.) 300 $aDescription based upon print version of record. 311 $a1-84946-495-2 311 $a1-84946-172-4 320 $aIncludes bibliographical references and index 327 $aA constitutional revolution in South African criminal procedure? / P.J. Schwikkard -- Human rights in Hong Kong criminal trials / Simon N.M. Young -- Right to counsel during custodial interrogation in Canada : not keeping up with the common law Joneses / Christine Boyle and Emma Cunliffe -- Degrading searches and illegally obtained evidence in the Malaysian criminal justice system / Salim Farrar -- Human rights, constitutional law and exclusionary safeguards in Ireland / John Jackson -- The exclusion of evidence obtained by violating a fundamental right : pragmatism before principle in the Strasbourg jurisprudence / Andrew Ashworth -- Normative evolution in evidentiary exclusion : coercion, deception and the right to a fair trial / Paul Roberts -- Ozymandias on trial : wrongs and rights in DNA cases / Jeremy Gans -- Delayed complaint, lost evidence and fair trial : epistemic and non-epistemic concerns / David Hamer -- 'Give us what you have' : information, compulsion and the privilege against self-incrimination as a human right / Andrew L.-T. Choo -- The presumption of innocence as a human right / Hock Lai Ho -- Confronting confrontation / Mike Redmayne -- Human deliberation in fact-finding and human rights in the law of evidence / Craig R. Callen -- Reliability, hearsay and the right to a fair trial in New Zealand / Chris Gallavin -- Finessing the fair trial for complainants and the accused : mansions of justice or castles in the air? / Terese Henning and Jill Hunter -- Human rights, cosmopolitanism and the Scottish 'rape shield' / Peter Duff 327 $aIntroduction-The Human Rights Revolution in Criminal Evidence and Procedure -- Paul Roberts and Jill Hunter -- 1. A Constitutional Revolution in South African Criminal Procedure? -- PJ Schwikkard -- 2. Human Rights in Hong Kong Criminal Trials -- Simon NM Young -- 3. Right to Counsel During Custodial Interrogation in Canada: Not Keeping Up with the Common Law Joneses -- Christine Boyle and Emma Cunliffe -- 4. Degrading Searches and Illegally Obtained Evidence in the Malaysian Criminal Justice System -- Salim Farrar -- 5. Human Rights, Constitutional Law and Exclusionary Safeguards in Ireland -- John Jackson -- 6. The Exclusion of Evidence Obtained by Violating a Fundamental Right: Pragmatism Before Principle in -- the Strasbourg Jurisprudence -- Andrew Ashworth -- 7. Normative Evolution in Evidentiary Exclusion: Coercion, Deception and the Right to a Fair Trial -- Paul Roberts -- 8. Ozymandias On Trial: Wrongs and Rights in DNA Cases -- Jeremy Gans -- 9. Delayed Complaint, Lost Evidence and Fair Trial: Epistemic and Non-epistemic Concerns -- David Hamer -- 10. 'Give Us What You Have'-Information, Compulsion and the Privilege Against Self-Incrimination as a Human Right -- Andrew L-T Choo -- 11. The Presumption of Innocence as a Human Right -- Hock Lai Ho -- 12. Confronting Confrontation -- Mike Redmayne -- 13. Human Deliberation in Fact-Finding and Human Rights in the Law of Evidence -- Craig R Callen -- 14. Reliability, Hearsay and the Right to a Fair Trial in New Zealand -- Chris Gallavin -- 15. Finessing the Fair Trial for Complainants and the Accused: Mansions of Justice or Castles in the Air? -- Terese Henning and Jill Hunter -- 16. Human Rights, Cosmopolitanism and the Scottish 'Rape Shield' -- Peter Duff 330 8 $aCriminal procedure in the common law world is being recast in the image of human rights. The cumulative impact of human rights laws, both international and domestic, presages a revolution in common law procedural traditions. Comprising 16 essays plus the editors' thematic introduction, this volume explores various aspects of the 'human rights revolution' in criminal evidence and procedure in Australia, Canada, England and Wales, Hong Kong, Malaysia, New Zealand, Northern Ireland, the Republic of Ireland, Singapore, Scotland, South Africa and the USA. The contributors provide expert evaluations of their own domestic law and practice with frequent reference to comparative experiences in other jurisdictions. Some essays focus on specific topics, such as evidence obtained by torture, the presumption of innocence, hearsay, the privilege against self-incrimination, and 'rape shield' laws. Others seek to draw more general lessons about the context of law reform, the epistemic demands of the right to a fair trial, the domestic impact of supra-national legal standards (especially the ECHR), and the scope for reimagining common law procedures through the medium of human rights. This edited collection showcases the latest theoretically informed, methodologically astute and doctrinally rigorous scholarship in criminal procedure and evidence, human rights and comparative law, and will be a major addition to the literature in all of these fields 517 3 $aReimagining common law procedural traditions 606 $aEvidence, Criminal 606 $2Criminal law & procedure 606 $aHuman rights 608 $aElectronic books. 615 0$aEvidence, Criminal. 615 0$aHuman rights. 676 $a345.06 702 $aRoberts$b Paul$f1968- 702 $aHunter$b Jill B. 801 0$bUtOrBLW 801 1$bUtOrBLW 801 2$bUkLoBP 906 $aBOOK 912 $a9910462554803321 996 $aCriminal evidence and human rights$92479698 997 $aUNINA LEADER 02255nam 2200529 450 001 9910816506703321 005 20240131164624.0 010 $a1-4438-8739-0 035 $a(CKB)3710000000570235 035 $a(EBL)4535043 035 $a(MiAaPQ)EBC4535043 035 $a(Au-PeEL)EBL4535043 035 $a(CaPaEBR)ebr11216047 035 $a(CaONFJC)MIL888160 035 $a(OCoLC)935642535 035 $a(OCoLC)1187225805 035 $a(FINmELB)ELB132271 035 $a(EXLCZ)993710000000570235 100 $a20160622h20152015 uy 0 101 0 $aeng 135 $aur|n|---||||| 181 $2rdacontent 182 $2rdamedia 183 $2rdacarrier 200 00$aAuthority and displacement in the English-speaking world$hVolume II$iExploring American shores /$fedited by Florence Labaune-Demeule 210 1$aNewcastle upon Tyne, England :$cCambridge Scholars Publishing,$d2015. 210 4$d©2015 215 $a1 online resource (199 p.) 300 $aDescription based upon print version of record. 311 $a1-4438-8087-6 320 $aIncludes bibliographical references. 330 $aWhether one thinks of the modern world or of more remote times, both seem to have been affected - if not moulded - by the interaction between the concepts of authority and displacement. Indeed, political and social sources of authority have often been the causes of major geographical displacements, as can be illustrated by the numerous waves of migration which have been observed in the past and which are still present today, such as the transportation of slaves from African to American coasts in colonial times.If displacement can often be understood as spatial displacement, it can also be syno 606 $aAuthority 606 $aAuthority in literature 606 $aDisplacement (Psychology) in literature 615 0$aAuthority. 615 0$aAuthority in literature. 615 0$aDisplacement (Psychology) in literature. 676 $a303.36 702 $aLabaune-Demeule$b Florence 801 0$bMiAaPQ 801 1$bMiAaPQ 801 2$bMiAaPQ 906 $aBOOK 912 $a9910816506703321 996 $aAuthority and displacement in the English-speaking world$94085621 997 $aUNINA LEADER 02729oam 2200589 c 450 001 9910563184903321 005 20240912151953.0 024 7 $a10.3726/b13986 035 $a(CKB)5450000000174124 035 $a(oapen)https://directory.doabooks.org/handle/20.500.12854/30725 035 $a(PH02)9783631754702 035 $a(MiAaPQ)EBC30686253 035 $a(oapen)doab30725 035 $a(EXLCZ)995450000000174124 100 $a20240525h20181990 uy 0 101 0 $ager 135 $aurnnunnnannuu 181 $ctxt$2rdacontent 182 $cc$2rdamedia 183 $acr$2rdacarrier 200 00$aInteressengruppen und Gruppeninteressen in der Demokratie$eZur Theorie des Rent-Seeking$fCay Folkers, Thomas Ma?rtz 205 $a1st, New ed. 210 $aFrankfurt a.M$cPH02$d2018 210 $d2018, c1990 215 $a1 online resource (267 p.)$c, EPDF 225 0 $aHohenheimer volkswirtschaftliche Schriften$v12 300 $aPeter Lang GmbH, Internationaler Verlag der Wissenschaften 311 08$a3-631-75470-1 327 $aAus dem Inhalt: Rent-Seeking versus Profit-Seeking - Zur Bildung und Funktionsweise von Interessengruppen - Der Wettbewerb um politischen Einfluß - Gruppeninteressen und politisches Entscheidungsverhalten. 330 $aDie Theorie des Rent-Seeking stellt einen Erkla?rungsansatz fu?r das Zustandekommen staatlicher Aktivita?ten in demokratischen Gesellschaftssystemen dar. Im Rahmen einer politisch-o?konomischen Analyse werden die allokativen und distributiven Konsequenzen des Wettbewerbs von Interessengruppen um gruppenspezifische Verteilungsvorteile untersucht. Dabei wird insbesondere auf die Interdependenz von distributiven Gruppeninteressen und politischem Entscheidungsverhalten eingegangen. Zur Lo?sung des Verteilungsdilemmas werden Reformvorschla?ge fu?r den politischen Entscheidungsprozeß entwickelt, die eine Neuorientierung der Ordnungspolitik in demokratischen Staatswesen implizieren. 606 $aPolitical science & theory$2bicssc 606 $aEconomic theory & philosophy$2bicssc 606 $aPolitical economy$2bicssc 610 $aDemokratie 610 $aGruppeninteressen 610 $aInteressengruppen 610 $aMärtz 610 $aRent 610 $aSeeking 610 $aTheorie 615 7$aPolitical science & theory 615 7$aEconomic theory & philosophy 615 7$aPolitical economy 700 $aMärtz$b Thomas$4auth$01297546 702 $aFolkers$b Cay$4edt 702 $aMa?rtz$b Thomas$4aut 801 0$bPH02 801 1$bPH02 906 $aBOOK 912 $a9910563184903321 996 $aInteressengruppen und Gruppeninteressen in der Demokratie$93024526 997 $aUNINA